|
|
|
|
| LEADER |
02080nam a22004215i 4500 |
| 001 |
978-3-319-51397-3 |
| 003 |
DE-He213 |
| 005 |
20171004141604.0 |
| 007 |
cr nn 008mamaa |
| 008 |
170503s2017 gw | s |||| 0|eng d |
| 020 |
|
|
|a 9783319513973
|9 978-3-319-51397-3
|
| 024 |
7 |
|
|a 10.1007/978-3-319-51397-3
|2 doi
|
| 040 |
|
|
|d GrThAP
|
| 050 |
|
4 |
|a RD1-811
|
| 072 |
|
7 |
|a MNC
|2 bicssc
|
| 072 |
|
7 |
|a MED085000
|2 bisacsh
|
| 082 |
0 |
4 |
|a 617
|2 23
|
| 245 |
1 |
4 |
|a The SAGES Manual Transitioning to Practice
|h [electronic resource] /
|c edited by David B. Renton, Peter Nau, Denise W. Gee.
|
| 264 |
|
1 |
|a Cham :
|b Springer International Publishing :
|b Imprint: Springer,
|c 2017.
|
| 300 |
|
|
|a XI, 249 p. 6 illus., 2 illus. in color.
|b online resource.
|
| 336 |
|
|
|a text
|b txt
|2 rdacontent
|
| 337 |
|
|
|a computer
|b c
|2 rdamedia
|
| 338 |
|
|
|a online resource
|b cr
|2 rdacarrier
|
| 347 |
|
|
|a text file
|b PDF
|2 rda
|
| 520 |
|
|
|a This SAGES manual will help educate and advise our new and recent surgical graduates on entering the job market. From how to find a job, to contract negotiations, to research and grant proposals, this manual offers pertinent strategies crucial to both surgical and non-surgical subspecialty fields. Chapters focusing on work-life balance and finding a mentor offer helpful insight to prevent burnout and optimize one's new career. The SAGES Manual: Transitioning to Practice will fill the gap in resident education and prove a useful text for residents, fellows and recent graduates as well as practicing surgeons in all subspecialties of surgery. .
|
| 650 |
|
0 |
|a Medicine.
|
| 650 |
|
0 |
|a Surgery.
|
| 650 |
1 |
4 |
|a Medicine & Public Health.
|
| 650 |
2 |
4 |
|a General Surgery.
|
| 700 |
1 |
|
|a Renton, David B.
|e editor.
|
| 700 |
1 |
|
|a Nau, Peter.
|e editor.
|
| 700 |
1 |
|
|a Gee, Denise W.
|e editor.
|
| 710 |
2 |
|
|a SpringerLink (Online service)
|
| 773 |
0 |
|
|t Springer eBooks
|
| 776 |
0 |
8 |
|i Printed edition:
|z 9783319513966
|
| 856 |
4 |
0 |
|u http://dx.doi.org/10.1007/978-3-319-51397-3
|z Full Text via HEAL-Link
|
| 912 |
|
|
|a ZDB-2-SME
|
| 950 |
|
|
|a Medicine (Springer-11650)
|